Normas contables para la actividad agropecuaria: evolución y situación actual con la NUA (Registro nro. 36200)

Detalles MARC
000 -LEADER
fixed length control field 00450 a2200133 4500
001 - CONTROL NUMBER
control field ART_62049
005 - DATE AND TIME OF LATEST TRANSACTION
control field 20260410162055.0
008 - FIXED-LENGTH DATA ELEMENTS--GENERAL INFORMATION
fixed length control field 260409a
100 1# - MAIN ENTRY--PERSONAL NAME
Personal name Tonelli, Omar E.
245 10 - TITLE STATEMENT
Title Normas contables para la actividad agropecuaria: evolución y situación actual con la NUA
700 1# - ADDED ENTRY--PERSONAL NAME
Personal name Simaro, Jorge D.
700 1# - ADDED ENTRY--PERSONAL NAME
Personal name Martinefski, María Inés
773 0# - HOST ITEM ENTRY
Title Consultor agropecuario
Related parts - Nº 70 (nov./dic. 2024)
Record control number REV56842

No hay ítems disponibles.